000 01636nam a22002417a 4500
999 _c58164
_d58164
003 Ge_BSU
005 20210714144257.0
008 210714s2021 ge ||||| |||| 00| 0 geo d
020 _a9789941833557
041 _ageo
080 _a340.130.53(072) ა-69
245 _aანტიდისკრიმინაციული სამართალი :
_bმასწავლებლის მეთოდური სახელმძღვანელო /
_cშემდგენლები დიმიტრი გეგენავა, ქეთევან ხომერიკი; სულხან-საბა ორბელიანის უნივერსიტეტი.
264 _aთბილისი :
_bსულხან-საბა ორბელიანის უნივერსიტეტი,
_c2021.
300 _a125 გვ.;
_b20 სმ.
500 _aწიგნი გამოიცემა USAID/PROLOG-ის მიერ დაფინანსებული ადამიანის უფლებების ფარგლებში
504 _aბიბლიოგრ. ტექსტების ბოლოს
653 _aსამართალი
653 _aდისკრიმინაცია
700 _aგეგენავა, დიმიტრი
_eშემდგენელი
_912255
700 _aხომერიკი, ქეთევან
_eშემდგენელი
_912256
710 _aსულხან-საბა ორბელიანის უნივერსიტეტი
_912257
942 _2udc
_cBK